Annotated bibliography of PHD theses : (Record no. 59247)
[ view plain ]
| 000 -LEADER | |
|---|---|
| fixed length control field | 01001nam a2200277 a 4500 |
| 001 - CONTROL NUMBER | |
| control field | 59247 |
| 003 - CONTROL NUMBER IDENTIFIER | |
| rucl marc code | BD-RjUL |
| 005 - DATE AND TIME OF LATEST TRANSACTION | |
| control field | 20211209080717.0 |
| 008 - FIXED-LENGTH DATA ELEMENTS--GENERAL INFORMATION | |
| fixed length control field | 161222s2010 bg |||| |||| 001 0 eng d |
| 020 ## - INTERNATIONAL STANDARD BOOK NUMBER | |
| International Standard Book Number | 9789843319814 |
| Terms of availability | : Tk. 400.00 |
| 035 ## - SYSTEM CONTROL NUMBER | |
| System control number | (BD-RjUL)59371 |
| 040 ## - CATALOGING SOURCE | |
| Original cataloging agency | BD-RjUL |
| Language of cataloging | eng |
| Transcribing agency | BD-RjUL |
| 041 ## - LANGUAGE CODE | |
| Language code of text/sound track or separate title | eng |
| 082 ## - DEWEY DECIMAL CLASSIFICATION NUMBER | |
| Classification number | 015.5492075 |
| Author mark and year | ANN 2010 |
| Edition number | 23 |
| 245 00 - TITLE STATEMENT | |
| Title | Annotated bibliography of PHD theses : |
| Remainder of title | produced in the institute of Bangladesh studies, 1976-2010 / |
| Statement of responsibility, etc. | Compiled by Md.Shahjahan Rarhi |
| 260 ## - PUBLICATION, DISTRIBUTION, ETC. (IMPRINT) | |
| Place of publication, distribution, etc. | Rajshahi : |
| Name of publisher, distributor, etc. | IBS, RU , |
| Date of publication, distribution, etc. | c2010. |
| 300 ## - PHYSICAL DESCRIPTION | |
| Pagination | [14], 256p. ; |
| Size | 22cm. |
| 490 ## - SERIES STATEMENT | |
| Series statement | IBS Publication ; |
| Volume/sequential designation | No. 22 |
| 500 ## - GENERAL NOTE | |
| General note | "Part in Bengali" |
| 504 ## - BIBLIOGRAPHY, ETC. NOTE | |
| Bibliography, etc | Includes index. |
| 650 ## - SUBJECT ADDED ENTRY--TOPICAL TERM | |
| Topical term or geographic name as entry element | Rajshahi University. |
| General subdivision | Institute of Bangladesh Studies |
| -- | Dissertations |
| Form subdivision | Bibliography. |
| 9 (RLIN) | 176957 |
| Topical term or geographic name as entry element | Dissertations, Academic |
| General subdivision | Bibliography |
| Geographic subdivision | Bangladesh |
| 9 (RLIN) | 176960 |
| 700 ## - ADDED ENTRY--PERSONAL NAME | |
| Personal name | Rarhi, Md.Shahjahan, comp. |
| 830 ## - SERIES ADDED ENTRY--UNIFORM TITLE | |
| Uniform title | IBS Publication ; |
| Volume number/sequential designation | No. 22 |
| 942 ## - ADDED ENTRY ELEMENTS (KOHA) | |
| Source of classification or shelving scheme | Dewey Decimal Classification |
| Koha item type | Reference |
| Lost status | Source of classification or shelving scheme | Damaged status | Not for loan | Collection code | Permanent Location | Current Location | Shelving location | Date acquired | Source of acquisition | Cost, normal purchase price | Total Checkouts | Full call number | Date last seen | Copy number | Koha item type |
|---|---|---|---|---|---|---|---|---|---|---|---|---|---|---|---|
| Dewey Decimal Classification | Not For Loan | Reference | Central Library, University of Rajshahi | Central Library, University of Rajshahi | 12/12/2010 | Rajshahi, IBS | 400.00 | R 015.5492075 ANN 2010 | 22/12/2016 | C-1 | Reference |